000 00303nam a2200097Ia 4500
082 _aNDE KF BEST
245 0 _aZebra crossings : tales from the shaman's record
100 _a MERRINGTON, Peter Auckland Park, South Africa, 2008
_977337
942 _cBK
008 210817s9999 xx 000 0 und d
999 _c263831
_d263830